Путятин М. М. и Ко. О способах и сортах для консервации фруктов

Доступно только в Электронных читальных залах Найти на картеНа карте
RUSMARC
00004130nac2a22002893x 450
001e1698311-8836-4907-8d71-a40d95418fb7
00520211209144429.0
100##$a20211120l1907 k y0rusy50 ca
1010#$arus
102##$aRU
105##$ay z |||||
1220#$ad19070608
2001#$aПутятин М. М. и Ко. О способах и сортах для консервации фруктов
$j08 июня 1907
215##$a2 листа
251##$cДело
300##$aЗаголовок дела на папке: Письмо Путятина М. М. - Звегинцеву Ал. Ив. (О консервации фруктов)
300##$aРукописный текст
330##$aВходит в раздел описи: 1. Письма к А. И. Звегинцову. 3/ Письма имущественно-хозяйственного характера
461#0$1001fc48e33c-c630-4015-85dd-2f2aab656f45
$12001
$aЗвегинцев Александр Иванович, помещик Воронежской губернии, депутат III Государственной думы, член партии "Союз 17 октября"
$1251
$cФонд
$1852
$j932
462#0$1001ddcf82e7-7bd9-4c5e-b7f1-85df8b3febb3
$12001
$aДела постоянного хранения. 1899-1913 гг.
$vД. 614
$1251
$cОпись
$1852
$j1
5171#$aПисьмо Путятина М. М. - Звегинцеву Ал. Ив. (О консервации фруктов)
600#1$aЗвегинцев
$bА. И.
$gАлександр Иванович
600#1$aПутятин
$bМ. М.
60102$aМ. М. Путятин и К°
801#0$aRU
$bGA_RF
801#1$aRU
$bГлавНИВЦ
$c20211120
$2rusmarc
801#2$aRU
$bПБ им. Б.Н. Ельцина
$c20211209
$gRCR
$2rusmarc
852##$aГА РФ
$j614
937##$d171351596
$hГАРФ
035##$aRuPRLIB51062198
856##$uhttp://readingroom.main.prlib.ru/item.aspx?id_node=n171351596&mode=full
Формат отображения